Vplyv finančnej globálnej krízy na ekonomiku SR bakalárska práca

Salvato in:
Dettagli Bibliografici
Autore principale: Bednarčíková, Katarína
Ente Autore: Fakulta podnikového manažmentu EU. Katedra podnikových financií
Altri autori: Bešinová, Zuzana
Natura: Libro
Lingua:slovacco
Pubblicazione: Bratislava 2011
Tags: Aggiungi Tag
Nessun Tag, puoi essere il primo ad aggiungerne!!

MARC

LEADER 00000nbm a2200000 4500
001 0131240
005 20161109111417.6
041 0 |a slo 
044 |a SK 
245 1 0 |a Vplyv finančnej globálnej krízy na ekonomiku SR  |b bakalárska práca  |c Katarína Bednarčíková ; školiteľ: Zuzana Bešinová 
264 1 |a Bratislava  |c 2011 
300 |a 49 s. 
100 1 |a Bednarčíková, Katarína 
700 1 |a Bešinová, Zuzana 
710 2 |a Fakulta podnikového manažmentu EU. Katedra podnikových financií